Food security in a world of natural resource scarcity : (Record no. 18740)

000 -LEADER
fixed length control field 00709cam a2200217 i 4500
020 ## - INTERNATIONAL STANDARD BOOK NUMBER
ISBN 9780896298477 (alk. paper)
020 ## - INTERNATIONAL STANDARD BOOK NUMBER
ISBN 0896298477 (alk. paper)
040 ## - CATALOGING SOURCE
Transcribing agency DNAL
082 00 - DEWEY DECIMAL CLASSIFICATION NUMBER
Classification number 333 INT 2014 C152 Or.
100 1# - MAIN ENTRY--AUTHOR NAME
Personal name Rosegrant, Mark W.
245 10 - TITLE STATEMENT
Title Food security in a world of natural resource scarcity :
Remainder of title the role of agricultural technologies /
300 ## - PHYSICAL DESCRIPTION
Number of Pages xiv, 154 pages :
Other physical details illustrations (some color) ;
Dimensions 22 cm
500 ## - GENERAL NOTE
General note "A peer-reviewed publication."
650 #0 - SUBJECT ADDED ENTRY--TOPICAL TERM
Topical Term Alternative agriculture.
650 #0 - SUBJECT ADDED ENTRY--TOPICAL TERM
Topical Term Food security.
650 #0 - SUBJECT ADDED ENTRY--TOPICAL TERM
Topical Term Natural resources
650 #0 - SUBJECT ADDED ENTRY--TOPICAL TERM
Topical Term Crop yields.
650 #0 - SUBJECT ADDED ENTRY--TOPICAL TERM
Topical Term Agriculture
710 2# - ADDED ENTRY--CORPORATE NAME
Corporate name or jurisdiction name as entry element International Food Policy Research Institute.
942 ## - ADDED ENTRY ELEMENTS (KOHA)
Koha item type ADB
952 ## - LOCATION AND ITEM INFORMATION (KOHA)
Withdrawn status [LOCAL, KOHA] 0
Holdings
Koha item type Source of acquisition Lost status Permanent Location Current Location Date acquired Full call number
សៀវភៅភាសាអង់គ្លេសA38842 Library Block CLibrary Block C2020-01-17333 INT 2014 C152 Or.
មជ្ឈមណ្ឌលឯការនៃសាកលវិទ្យាល័យភូមិន្ទកសិកម្មចំការដូង

Powered by Koha